| 000 | 00550nam a2200217Ia 4500 | ||
|---|---|---|---|
| 999 |
_c14014 _d14014 |
||
| 003 | OSt | ||
| 005 | 20200119151902.0 | ||
| 008 | 160427s9999 xx 000 0 und d | ||
| 020 | _a9780123785855 | ||
| 040 | _cLIRC | ||
| 082 | _a332.1753 GLA | ||
| 100 | _aGlantz, Morton and Mun, Johnathan | ||
| 245 |
_aCredit engineering for bankers _ba practical guide for bank lending |
||
| 250 | _a2nd | ||
| 260 | _aLondon | ||
| 260 | _bElsevier | ||
| 260 | _c2011 | ||
| 300 |
_a529 p. _c15.6 x 3 x 23.4 cm |
||
| 650 | _vManagement | ||
| 942 |
_2ddc _cBK |
||